| Tag |
First Indicator |
Second Indicator |
Subfields |
| LEADER |
00000cam a2200000 i 4500 |
| 001 |
in00005464821 |
| 008 |
230121t20232023ne a b 000 0 eng d |
| 005 |
20250318214726.9 |
| 020 |
|
|
|a 9789063696696
|
| 020 |
|
|
|a 9063696698
|q (paperback)
|
| 035 |
|
|
|a (OCoLC)on1358090602
|
| 035 |
|
|
|a (OCoLC)1358090602
|
| 040 |
|
|
|a YDX
|b eng
|c YDX
|d BDX
|d OCLCQ
|d UKMGB
|d OCLCF
|d OCLCO
|d JQW
|d OCLCO
|d GO3
|d YDX
|d ILM
|
| 050 |
|
4 |
|a HD53
|b .P43 2023
|
| 082 |
0 |
4 |
|a 658.3/14
|2 23
|
| 082 |
|
4 |
|a 740
|q OCoLC
|
| 100 |
1 |
|
|a Pearce, Alastair,
|e author.
|
| 245 |
1 |
4 |
|a The characters of creativity :
|b activate creativity by understanding your colleagues /
|c Alastair Pearce.
|
| 264 |
|
1 |
|a Amsterdam :
|b BIS Publishers,
|c [2023]
|
| 264 |
|
4 |
|c ©2023
|
| 300 |
|
|
|a 238 pages :
|b illustrations ;
|c 21 cm
|
| 336 |
|
|
|a text
|b txt
|2 rdacontent
|
| 337 |
|
|
|a unmediated
|b n
|2 rdamedia
|
| 338 |
|
|
|a volume
|b nc
|2 rdacarrier
|
| 504 |
|
|
|a Includes bibliographical references (pages 235-237).
|
| 520 |
|
|
|a "Everybody can be creative. But how do you get people to release their innate creativity? The Characters of Creativity has all the answers. This book helps organisations and individuals to understand and support the creative process in the workplace. It is a practical guide designed to help managers and leaders understand how to effectively support and manage creative colleagues in a commercial organisation."--Publisher description.
|
| 505 |
0 |
|
|a Introduction -- Picky -- Are we all creative? -- Molotov -- Definitions and characteristics -- ARtiste -- Creatives, their managers and their colleagues -- Playful -- Why do I do what I do? -- Fibber -- Creatives, deadlines and teams -- Wobbly -- Courageous companies: creative chaos -- Facilitator -- The creative process -- Monk -- Creatives and evaluation -- Solo -- Management models for creativity -- Now! -- Project briefs, task allocation and diverse non-conformists -- You -- Creativity in your R&D department -- If-only -- Creativity and customers; Stalin and intimacy -- Conclusions -- Goodnight.
|
| 650 |
|
0 |
|a Creative ability in business.
|
| 650 |
|
0 |
|a Personnel management.
|
| 650 |
|
6 |
|a Créativité dans les affaires.
|
| 650 |
|
6 |
|a Personnel
|x Direction.
|
| 650 |
|
7 |
|a Creative ability in business
|2 fast
|
| 655 |
|
7 |
|a Instructional and educational works.
|2 lcgft
|
| 655 |
|
7 |
|a Matériel d'éducation et de formation.
|2 rvmgf
|
| 852 |
8 |
|
|b pda,print
|z This title is available for the library to purchase for your use. Click the "Purchase It For Me" button to place a request. This item may take 5-10 business days to arrive.
|
| 955 |
|
|
|a Print PDA title
|
| 961 |
|
|
|m 565730
|
| 999 |
f |
f |
|s d2b36c1a-bb9c-4740-afd1-658c98e1475a
|i 9798645d-099b-4640-b0ea-7190cd38facf
|t 0
|
| 952 |
f |
f |
|a Texas A&M University
|b College Station
|c Sterling C. Evans Library
|d Purchase on Demand
|t 0
|e HD53 .P43 2023
|h Library of Congress classification
|
| 998 |
f |
f |
|a HD53 .P43 2023
|t 0
|l Purchase on Demand
|